| 000 | 00578cam a2200205 4500500 | ||
|---|---|---|---|
| 005 | 20260329003444.0 | ||
| 041 | _afre | ||
| 042 | _adc | ||
| 100 | 1 | 0 |
_aRogé, Antoine _eauthor |
| 245 | 0 | 0 | _aFinanciers Marx-Coco-Passion |
| 260 | _c2015. | ||
| 500 | _a56 | ||
| 690 | _aCuisine | ||
| 690 | _aFinancier | ||
| 690 | _aKarl Marx | ||
| 690 | _aMarx | ||
| 690 | _aRecette | ||
| 786 | 0 | _nPhilosophie magazine | 93 | 10 | 2015-10-01 | p. 72-72 | 1951-1787 | |
| 856 | 4 | 1 | _uhttps://shs.cairn.info/magazine-philosophie-magazine-2015-10-page-72?lang=fr&redirect-ssocas=7080 |
| 999 |
_c1824754 _d1824754 |
||